{"text_format":"3","workbook":"xlsx","n_sheets":2,"sheets":["SUMMARY","MATERIAL TAKE-OFF"],"not_rendered":{"charts":1,"images":4,"defined_names":4},"read":"whole","date_system":"1900"}

{"sheet":"SUMMARY","index":0,"n_rows":18,"n_cols":4,"rows_kept":18,"merged":[[12,0,12,1],[13,0,13,3],[17,0,17,1]]}
[]
["Project ID:","Proposed Building"]
[]
["Address:"]
[]
["No. of Floors:"]
[]
["Building GSF",543]
[]
["DIVISION NO.","DESCRIPTION","TOTAL DIV. COST","TOTAL DIV. COST (PER SF)"]
[1000,"Overhead and Preliminaries",{"$f":"'MATERIAL TAKE-OFF'!L13","v":{"v":60881.16,"d":"$60,881"}},{"$f":"C11/$B$8","v":{"v":112.12,"d":"$112.12"}}]
[8000,"Timber",{"$f":"'MATERIAL TAKE-OFF'!L62","v":{"v":95573.49622,"d":"$95,573"}},{"$f":"C12/$B$8","v":{"v":176.01012195211786,"d":"$176.01"}}]
["SUBTOTAL CONSTRUCTION COST",null,{"$f":"SUM(C11:C12)","v":{"v":156454.65622,"d":"$156,455"}},{"$f":"SUM(D11:D12)","v":{"v":288.13012195211786,"d":"$288"}}]
[]
["PROFIT",{"v":0.15,"d":"15%"},{"$f":"$C$13*B15","v":{"v":23468.198433,"d":"$23,468"}},{"$f":"$D$13*B15","v":43.219518292817675}]
["TOTAL PROJECT COST",null,{"$f":"C15+C13","v":{"v":179922.85465300002,"d":"$179,923"}},{"$f":"$D$13*B16","v":0}]
["GST",{"v":0.1,"d":"10%"},{"$f":"C16*B17","v":{"v":17992.285465300003,"d":"$17,992"}},{"$f":"$D$13*B17","v":{"v":28.813012195211787,"d":"$29"}}]
["TOTAL PROJECT COST INCL. GST",null,{"$f":"SUM(C16:C17)","v":{"v":197915.1401183,"d":"$197,915"}},{"$f":"SUM(D13:D17)","v":{"v":360.1626524401473,"d":"$360"}}]

{"sheet":"MATERIAL TAKE-OFF","index":1,"n_rows":79,"n_cols":13,"rows_kept":79,"merged":[[2,6,2,7],[2,8,2,9],[3,6,3,7],[3,8,3,9],[4,6,4,7],[4,8,4,9],[5,6,5,7],[5,8,5,9],[6,6,6,7],[6,8,6,9],[7,6,7,7],[7,8,7,9],[10,1,10,10],[14,1,14,10],[62,0,62,8],[63,0,63,9],[64,0,64,9],[65,0,65,9],[66,0,66,9],[67,0,67,8],[69,1,69,10]]}
[]
[]
["Project: ",{"$f":"SUMMARY!B2","v":"Proposed Building"}]
[]
["Address:",{"$f":"SUMMARY!B4","v":0}]
[]
["Scope:","FULL SCOPE"]
[]
["Date:",{"$f":"TODAY()","v":"2026-02-13"}]
["SR #","REF. SHEET #","DESCRIPTION","QUANTITY","UNIT","LABOR RATE","TOTAL LABOUR COST","MATERIAL RATE","TOTAL MATETRIAL COST","EQUIPMENT RATE","TOTAL EQUIPMENT COSTS","SUB COST","NOTE / REMARKS"]
[null,"01. OVERHEAD AND PREMLIMINARIES"]
[1,null,"Overhead and Preliminaries",543,"M2",{"v":21.67,"d":"$21.67"},{"$f":"D12*F12","v":{"v":11766.810000000001,"d":"$11,766.81"}},{"v":2.91,"d":"$2.91"},{"$f":"D12*H12","v":{"v":1580.13,"d":"$1,580.13"}},{"v":87.54,"d":"$87.54"},{"$f":"D12*J12","v":{"v":47534.22,"d":"$47,534.22"}},{"$f":"IF(D12=\"\",\"\",(G12+I12+K12))","v":{"v":60881.16,"d":"$60,881.16"}}]
[{"$f":"IF(E13=0,\"\",1+MAX(A12:A12))","v":""},{"$nulls":9},"SUBTOTAL",{"$f":"SUM(L11:L12)","v":{"v":60881.16,"d":"$60,881.16"}}]
[{"$f":"IF(E14=0,\"\",1+MAX(#REF!))","v":""}]
[{"$f":"IF(E15=0,\"\",1+MAX(A14:A14))","v":""},"08. TIMBER"]
[{"$f":"IF(E16=0,\"\",1+MAX(A14:A15))","v":""},null,"Wooden Posts/ Beams"]
[{"$f":"IF(E17=0,\"\",1+MAX(A12:A16))","v":2},null,"(FL1) (2) (240x45) MGP10 Beam\nQty has been multiplied",16.22,"M",{"v":2.49,"d":"$2.49"},{"$f":"D17*F17","v":{"v":40.3878,"d":"$40.39"}},{"v":29.38,"d":"$29.38"},{"$f":"D17*H17","v":{"v":476.54359999999997,"d":"$476.54"}},{"v":0,"d":"$0.00"},{"$f":"D17*J17","v":{"v":0,"d":"$0.00"}},{"$f":"IF(D17=\"\",\"\",(G17+I17+K17))","v":{"v":516.9313999999999,"d":"$516.93"}}]
[{"$f":"IF(E18=0,\"\",1+MAX(A14:A17))","v":3},null,"(FL2) (2) (240x45) Hyspan LVL Beam\nQty has been multiplied",{"v":2.2,"d":"2.20"},"M",{"v":2.56,"d":"$2.56"},{"v":5.632000000000001,"d":"$5.63"},{"v":41.52,"d":"$41.52"},{"v":91.34400000000001,"d":"$91.34"},{"v":0,"d":"$0.00"},{"$f":"D18*J18","v":{"v":0,"d":"$0.00"}},{"$f":"IF(D18=\"\",\"\",(G18+I18+K18))","v":{"v":96.97600000000001,"d":"$96.98"}}]
[{"$f":"IF(E19=0,\"\",1+MAX(A15:A18))","v":4},null,"(FL3) (2) (200x45) Hyspan LVL Beam\nQty has been multiplied",4.02,"M",{"v":2.19,"d":"$2.19"},{"v":8.803799999999999,"d":"$8.80"},{"v":34.62,"d":"$34.62"},{"v":139.17239999999998,"d":"$139.17"},{"v":0,"d":"$0.00"},{"v":0,"d":"$0.00"},{"v":147.97619999999998,"d":"$147.98"}]
[5,null,"(FL4) (2) (240x45) MGP10 Beam\nQty has been multiplied",2.06,"M",{"v":2.49,"d":"$2.49"},{"v":5.1294,"d":"$5.13"},{"v":29.38,"d":"$29.38"},{"v":60.5228,"d":"$60.52"},{"v":0,"d":"$0.00"},{"v":0,"d":"$0.00"},{"v":65.6522,"d":"$65.65"}]
[6,null,"(FL5) (2) (190x45) MGP10 Beam\nQty has been multiplied",{"v":10.8,"d":"10.80"},"M",{"v":2.49,"d":"$2.49"},{"v":26.892000000000003,"d":"$26.89"},{"v":24.58,"d":"$24.58"},{"v":265.464,"d":"$265.46"},{"v":0,"d":"$0.00"},{"v":0,"d":"$0.00"},{"v":292.356,"d":"$292.36"}]
[7,null,"(FL6) (2) (240x45) Hyspan LVL Beam\nQty has been multiplied",13.64,"M",{"v":2.56,"d":"$2.56"},{"v":34.918400000000005,"d":"$34.92"},{"v":41.52,"d":"$41.52"},{"v":566.3328,"d":"$566.33"},{"v":0,"d":"$0.00"},{"v":0,"d":"$0.00"},{"v":601.2512,"d":"$601.25"}]
[8,null,"(GL1) (2) (190x45) MGP10 Beam\nQty has been multiplied",8.86,"M",{"v":2.49,"d":"$2.49"},{"v":22.0614,"d":"$22.06"},{"v":24.58,"d":"$24.58"},{"v":217.77879999999996,"d":"$217.78"},{"v":0,"d":"$0.00"},{"v":0,"d":"$0.00"},{"v":239.84019999999995,"d":"$239.84"}]
[9,null,"(GL3) (240x45) Hyspan LVL or (240x45) MGP10 Beam",9.65,"M",{"v":2.56,"d":"$2.56"},{"v":24.704,"d":"$24.70"},{"v":41.52,"d":"$41.52"},{"v":400.66800000000006,"d":"$400.67"},{"v":0,"d":"$0.00"},{"v":0,"d":"$0.00"},{"v":425.37200000000007,"d":"$425.37"}]
[10,null,"(UL) (120x45) MGP10 Beam",15.96,"M",{"v":2.14,"d":"$2.14"},{"v":34.1544,"d":"$34.15"},{"v":18.27,"d":"$18.27"},{"v":291.5892,"d":"$291.59"},{"v":0,"d":"$0.00"},{"v":0,"d":"$0.00"},{"v":325.7436,"d":"$325.74"}]
[11,null,"(UL1) (190x45) MGP10 Beam",2.38,"M",{"v":2.49,"d":"$2.49"},{"v":5.926200000000001,"d":"$5.93"},{"v":24.58,"d":"$24.58"},{"v":58.50039999999999,"d":"$58.50"},{"v":0,"d":"$0.00"},{"v":0,"d":"$0.00"},{"v":64.4266,"d":"$64.43"}]
[12,null,"(UL2) (190x45) MGP10 Beam",2.36,"M",{"v":2.49,"d":"$2.49"},{"v":5.8764,"d":"$5.88"},{"v":24.58,"d":"$24.58"},{"v":58.008799999999994,"d":"$58.01"},{"v":0,"d":"$0.00"},{"v":0,"d":"$0.00"},{"v":63.8852,"d":"$63.89"}]
[13,null,"(DS1) (2) (90x45) MGP10 Timber Stud (H-3000mm)\nQty has been multiplied ",{"v":18,"d":"18.00"},"EA",{"$f":"3.08*3","v":{"v":9.24,"d":"$9.24"}},{"v":166.32,"d":"$166.32"},{"$f":"6.1*3","v":{"v":18.299999999999997,"d":"$18.30"}},{"v":329.4,"d":"$329.40"},{"v":0,"d":"$0.00"},{"v":0,"d":"$0.00"},{"v":495.71999999999997,"d":"$495.72"}]
[14,null,"(DS1) (2) (90x45) MGP10 Timber Stud (H-4630mm)\nQty has been multiplied ",{"v":12,"d":"12.00"},"EA",{"$f":"3.08*4.63","v":{"v":14.2604,"d":"$14.26"}},{"v":171.1248,"d":"$171.12"},{"$f":"6.1*4.63","v":{"v":28.243,"d":"$28.24"}},{"v":338.916,"d":"$338.92"},{"v":0,"d":"$0.00"},{"v":0,"d":"$0.00"},{"v":510.0408,"d":"$510.04"}]
["",null,"Joists/Rafters"]
[15,null,"(FJ1) (400mm Deep) Posi Joist @ 450 O.C.",208.86,"M2",{"v":10.43,"d":"$10.43"},{"v":2178.4098,"d":"$2,178.41"},{"v":52.34,"d":"$52.34"},{"v":10931.7324,"d":"$10,931.73"},{"v":0,"d":"$0.00"},{"v":0,"d":"$0.00"},{"$f":"IF(D31=\"\",\"\",(G31+I31+K31))","v":{"v":13110.1422,"d":"$13,110.14"}}]
[16,null,"(FJ2) (300mm Deep) Posi Joist @ 450 O.C.",69.36,"M2",{"v":9.56,"d":"$9.56"},{"v":663.0816,"d":"$663.08"},{"v":50.46,"d":"$50.46"},{"v":3499.9056,"d":"$3,499.91"},{"v":0,"d":"$0.00"},{"v":0,"d":"$0.00"},{"v":4162.9872,"d":"$4,162.99"}]
[17,null,"(19mm) Particle Board",278.22,"M2",{"v":8.78,"d":"$8.78"},{"v":2442.7716,"d":"$2,442.77"},{"v":15.46,"d":"$15.46"},{"v":4301.2812,"d":"$4,301.28"},{"v":0,"d":"$0.00"},{"v":0,"d":"$0.00"},{"v":6744.0528,"d":"$6,744.05"}]
[18,null,"(R1) (190x45) MGP10 Roof Rafter @ (If Req'd to be Confirmed) (89.14 M2) ",{"v":346,"d":"346.00"},"M",{"v":2.07,"d":"$2.07"},{"v":716.2199999999999,"d":"$716.22"},{"v":12.72,"d":"$12.72"},{"v":4401.12,"d":"$4,401.12"},{"v":0,"d":"$0.00"},{"v":0,"d":"$0.00"},{"v":5117.34,"d":"$5,117.34"}]
[19,null,"(R2) (190x45) MGP10 Roof Rafter w/ 2 Rows of Noggings @ 450 (If Req'd to be Confirmed) (135.12 M2) ",{"v":368,"d":"368.00"},"M",{"v":2.07,"d":"$2.07"},{"v":761.76,"d":"$761.76"},{"v":12.72,"d":"$12.72"},{"v":4680.96,"d":"$4,680.96"},{"v":0,"d":"$0.00"},{"v":0,"d":"$0.00"},{"v":5442.72,"d":"$5,442.72"}]
[20,null,"Pre-Engineered Roof Trusses (If Req'd to be Confirmed)",236.33,"M2",{"v":9.6,"d":"$9.60"},{"v":2268.768,"d":"$2,268.77"},{"v":68.97,"d":"$68.97"},{"v":16299.680100000001,"d":"$16,299.68"},{"v":0,"d":"$0.00"},{"v":0,"d":"$0.00"},{"v":18568.4481,"d":"$18,568.45"}]
["",null,"Bracing"]
[21,null,"(P1) Plywood bracing to frame using (30mmx2.8mm Dia) Galvanized Flat - Head Nails  (Bracing Capacity - 3.4 KN/m)",{"v":58.884,"d":"58.88"},"M2",{"v":4.84,"d":"$4.84"},{"v":284.99856,"d":"$285.00"},{"v":13.63,"d":"$13.63"},{"v":802.58892,"d":"$802.59"},{"v":0,"d":"$0.00"},{"v":0,"d":"$0.00"},{"v":1087.5874800000001,"d":"$1,087.59"}]
[22,null,"(P2) Plywood bracing to frame using (30mmx2.8mm Dia) Galvanized Flat - Head Nails (Bracing Capacity - 6.0 KN/m)",{"v":34.272,"d":"34.27"},"M2",{"v":4.84,"d":"$4.84"},{"v":165.87648,"d":"$165.88"},{"v":13.63,"d":"$13.63"},{"v":467.12736,"d":"$467.13"},{"v":0,"d":"$0.00"},{"v":0,"d":"$0.00"},{"v":633.00384,"d":"$633.00"}]
[23,null,"(P1) Plywood bracing to frame using (30mmx2.8mm Dia) Galvanized Flat - Head Nails  (Bracing Capacity - 3.4 KN/m)",45.36,"M2",{"v":4.84,"d":"$4.84"},{"v":219.5424,"d":"$219.54"},{"v":13.63,"d":"$13.63"},{"v":618.2568,"d":"$618.26"},{"v":0,"d":"$0.00"},{"v":0,"d":"$0.00"},{"v":837.7991999999999,"d":"$837.80"}]
["",null,"Walls"]
["",null,"Wall Type ST01"]
[24,null,"(90x45 x 2800mm H) Timber Stud @ 450 O.C. ",{"$f":"189*2.8","v":{"v":529.1999999999999,"d":"529.20"}},"M",{"v":3.08,"d":"$3.08"},{"v":1629.936,"d":"$1,629.94"},{"v":6.1,"d":"$6.10"},{"v":3228.1199999999994,"d":"$3,228.12"},{"v":0,"d":"$0.00"},{"$f":"D43*J43","v":{"v":0,"d":"$0.00"}},{"v":4858.056,"d":"$4,858.06"}]
[25,null,"(90x45) Top & Bottom Plates ",{"v":253,"d":"253.00"},"M",{"v":2.53,"d":"$2.53"},{"v":640.0899999999999,"d":"$640.09"},{"v":6.14,"d":"$6.14"},{"v":1553.4199999999998,"d":"$1,553.42"},{"v":0,"d":"$0.00"},{"v":0,"d":"$0.00"},{"v":2193.5099999999998,"d":"$2,193.51"}]
["",null,"Wall Type ST03"]
[26,null,"(90x45 x 2800mm H) Timber Stud @ 450 O.C. ",{"$f":"7*2.8","v":{"v":19.599999999999998,"d":"19.60"}},"M",{"v":3.08,"d":"$3.08"},{"v":60.367999999999995,"d":"$60.37"},{"v":6.1,"d":"$6.10"},{"v":119.55999999999997,"d":"$119.56"},{"v":0,"d":"$0.00"},{"v":0,"d":"$0.00"},{"v":179.92799999999997,"d":"$179.93"}]
[27,null,"(90x45 x 3400mm H) Timber Stud @ 450 O.C. ",{"$f":"66*3.4","v":{"v":224.4,"d":"224.40"}},"M",{"v":3.08,"d":"$3.08"},{"v":691.152,"d":"$691.15"},{"v":6.1,"d":"$6.10"},{"v":1368.84,"d":"$1,368.84"},{"v":0,"d":"$0.00"},{"v":0,"d":"$0.00"},{"v":2059.992,"d":"$2,059.99"}]
[28,null,"(90x45 x 4290mm H) Timber Stud @ 450 O.C. ",{"$f":"21*4.29","v":90.09},"M",{"v":3.08,"d":"$3.08"},{"v":277.47720000000004,"d":"$277.48"},{"v":6.1,"d":"$6.10"},{"v":549.549,"d":"$549.55"},{"v":0,"d":"$0.00"},{"v":0,"d":"$0.00"},{"v":827.0262,"d":"$827.03"}]
[29,null,"(90x45 x 4500mm H) Timber Stud @ 450 O.C. ",{"$f":"10*4.5","v":{"v":45,"d":"45.00"}},"M",{"v":3.08,"d":"$3.08"},{"v":138.6,"d":"$138.60"},{"v":6.1,"d":"$6.10"},{"v":274.5,"d":"$274.50"},{"v":0,"d":"$0.00"},{"v":0,"d":"$0.00"},{"v":413.1,"d":"$413.10"}]
[30,null,"(90x45) Top & Bottom Plates ",{"v":137,"d":"137.00"},"M",{"v":2.53,"d":"$2.53"},{"v":346.60999999999996,"d":"$346.61"},{"v":6.14,"d":"$6.14"},{"v":841.18,"d":"$841.18"},{"v":0,"d":"$0.00"},{"v":0,"d":"$0.00"},{"v":1187.79,"d":"$1,187.79"}]
["",null,"Wall Type ST05"]
[31,null,"(90x45 x 2600mm H) Timber Stud @ 450 O.C. ",{"$f":"57*2.6","v":{"v":148.20000000000002,"d":"148.20"}},"M",{"v":3.08,"d":"$3.08"},{"v":456.4560000000001,"d":"$456.46"},{"v":6.1,"d":"$6.10"},{"v":904.0200000000001,"d":"$904.02"},{"v":0,"d":"$0.00"},{"v":0,"d":"$0.00"},{"v":1360.476,"d":"$1,360.48"}]
[32,null,"(90x45 x 2960mm H) Timber Stud @ 450 O.C. ",{"$f":"38*2.96","v":112.48},"M",{"v":3.08,"d":"$3.08"},{"v":346.4384,"d":"$346.44"},{"v":6.1,"d":"$6.10"},{"v":686.1279999999999,"d":"$686.13"},{"v":0,"d":"$0.00"},{"v":0,"d":"$0.00"},{"v":1032.5664,"d":"$1,032.57"}]
[33,null,"(90x45 x 3000mm H) Timber Stud @ 450 O.C. ",{"$f":"58*3","v":{"v":174,"d":"174.00"}},"M",{"v":3.08,"d":"$3.08"},{"v":535.92,"d":"$535.92"},{"v":6.1,"d":"$6.10"},{"v":1061.3999999999999,"d":"$1,061.40"},{"v":0,"d":"$0.00"},{"v":0,"d":"$0.00"},{"v":1597.3199999999997,"d":"$1,597.32"}]
[34,null,"(90x45 x 3570mm H) Timber Stud @ 450 O.C. ",{"$f":"18*3.57","v":{"v":64.25999999999999,"d":"64.26"}},"M",{"v":3.08,"d":"$3.08"},{"v":197.92079999999999,"d":"$197.92"},{"v":6.1,"d":"$6.10"},{"v":391.98599999999993,"d":"$391.99"},{"v":0,"d":"$0.00"},{"v":0,"d":"$0.00"},{"v":589.9068,"d":"$589.91"}]
[35,null,"(90x45 x 4500mm H) Timber Stud @ 450 O.C. ",{"$f":"17*4.5","v":{"v":76.5,"d":"76.50"}},"M",{"v":3.08,"d":"$3.08"},{"v":235.62,"d":"$235.62"},{"v":6.1,"d":"$6.10"},{"v":466.65,"d":"$466.65"},{"v":0,"d":"$0.00"},{"v":0,"d":"$0.00"},{"v":702.27,"d":"$702.27"}]
[36,null,"(90x45 x 4830mm H) Timber Stud @ 450 O.C. ",{"$f":"8*4.83","v":38.64},"M",{"v":3.08,"d":"$3.08"},{"v":119.0112,"d":"$119.01"},{"v":6.1,"d":"$6.10"},{"v":235.70399999999998,"d":"$235.70"},{"v":0,"d":"$0.00"},{"v":0,"d":"$0.00"},{"v":354.7152,"d":"$354.72"}]
[37,null,"(90x45) Top & Bottom Plates ",{"v":254,"d":"254.00"},"M",{"v":2.53,"d":"$2.53"},{"v":642.62,"d":"$642.62"},{"v":6.14,"d":"$6.14"},{"v":1559.56,"d":"$1,559.56"},{"v":0,"d":"$0.00"},{"v":0,"d":"$0.00"},{"v":2202.18,"d":"$2,202.18"}]
[38,null,"(15mm) Plywood Backing ",258.37,"M2",{"v":9.67,"d":"$9.67"},{"v":2498.4379,"d":"$2,498.44"},{"v":18.35,"d":"$18.35"},{"v":4741.0895,"d":"$4,741.09"},{"v":0,"d":"$0.00"},{"v":0,"d":"$0.00"},{"v":7239.5274,"d":"$7,239.53"}]
["",null,"Stairs"]
[39,null,"Timber Stair \n - (900mm L x 250mm W) Tread = 17 EA\n - (900mm L x 180mm H) Riser  = 18 EA",{"v":4,"d":"4.00"},"LOC",{"v":614.7,"d":"$614.70"},{"$f":"D61*F61","v":{"v":2458.8,"d":"$2,458.80"}},{"v":1691.52,"d":"$1,691.52"},{"$f":"D61*H61","v":{"v":6766.08,"d":"$6,766.08"}},{"v":0,"d":"$0.00"},{"$f":"D61*J61","v":{"v":0,"d":"$0.00"}},{"$f":"IF(D61=\"\",\"\",(G61+I61+K61))","v":{"v":9224.880000000001,"d":"$9,224.88"}}]
[{"$f":"IF(E62=0,\"\",1+MAX(#REF!))","v":""},{"$nulls":9},"SUBTOTAL",{"$f":"SUM(L15:L61)","v":{"v":95573.49622,"d":"$95,573.50"}}]
[]
["SUBTOTAL CONSTRUCTION COST",{"$nulls":10},{"$f":"SUM(L11:L63)/2","v":{"v":156454.65622000003,"d":"$156,455"}}]
["PROFIT",{"$nulls":9},{"v":0.15,"d":"15%"},{"$f":"$L$64*K65","v":{"v":23468.198433000005,"d":"$23,468.20"}}]
["TOTAL PROJECT COST",{"$nulls":10},{"$f":"L64+L65","v":{"v":179922.85465300005,"d":"$179,923"}}]
["GST",{"$nulls":9},{"v":0.1,"d":"10%"},{"$f":"L66*K67","v":{"v":17992.285465300007,"d":"$17,992.29"}}]
["TOTAL PROJECT COST INCL. GST",{"$nulls":10},{"$f":"L66+L67","v":{"v":197915.14011830004,"d":"$197,915"}}]
["NOTES:"]
[null,"General Notes: The prices used while preparing the estimate were taken from Cordell Platinum online i.e. the standard pricing. So, it is preferred to review the prices."]
[]
[null,null,"Note",{"$nulls":5},"Legend"]
[null,1,"The drawings are scaled as per the mentioned scales on the plans.",{"$nulls":5},"KG's = Kilogram"]
[{"$nulls":8},"M2= Meter Square "]
[{"$nulls":8},"M = Meter"]
[{"$nulls":8},"EA = Each"]
[{"$nulls":8},"M3 = Meter Cube "]
[{"$nulls":8},"LOC = Location"]
[{"$nulls":8},"LS = Lum Sum"]